Responses for Show #1954 - Thursday, February 18, 1993

1993 Teen Tournament quarterfinal game 4.

Contestants

[<< previous game]

Mit Robertson, a senior from Tupelo, Mississippi

Lev Osherovich, a senior from Walnut Creek, California

Patricia Larash, a senior from Allentown, Pennsylvania

[next game >>]

Jeopardy! Round responses

THE 16th CENTURY
DISNEYLAND
ORGANIZATIONS
U.S. CITIES
COLORS
3-LETTER WORDS
    $100 1
(Lev: What is the Reformation?)

the Protestants

Lev
Triple Stumper
    $100 16
Pirates of the Caribbean

Mit
    $100 6
the Girl Scouts

Patricia
    $100 11
Chicago

Mit
    $100 21
blue

Patricia
    $100 26
tap

Mit
    $200 2
the Globe

Patricia
    $200 17
(Mit: What is Mr. Toad's Wild Ride?)

the Haunted Mansion

PatriciaMit
    $200 7
the Peace Corps

Mit
    $200 12
St. Louis

Lev
    $200 22
(Lev: What is ebony?)

ivory

PatriciaLev
    $200 27
dab

Lev
    $300 3
the Medici

Lev
    $300 18
(Mit: What is Adventureland?)
(Lev: What is Riverland?)
(Alex: I'm sorry?)
(Lev: What is Riverland?)

Frontierland

LevMit
Triple Stumper
    $300 8
the USO

Mit
    $300 13
Baltimore

Patricia
    $300 23
green

Patricia
    $300 28
a jab

Mit
    $400 4
Spain

Mit
    $400 19
[ERRATUM: The attraction was in Tomorrowland, not Fantasyland; a correction was issued in OOPS! $500 in show #2072, aired 1993-09-14.]

Captain EO

Mit
    $400 9
J.C.

Mit
    $400 14
Reno

Lev
    $400 24
cinnamon

Patricia
    $400 29
rap

Patricia
    $500 5
Cuba

Lev
    $500 20
(Alex: A little before your time for the [*].)

Song of the South

Triple Stumper
    $500 10
the Masons

Lev
    $800 15
Seattle

Lev
    $500 25
(Lev: What is blue?)

violet

LevMit
    $500 30
pat

Triple Stumper

Scores at the first commercial break (after clue 15):

Patricia Lev Mit
$600 $2,600 $1,400

Scores at the end of the Jeopardy! Round:

Patricia Lev Mit
$2,200 $1,800 $2,300

Double Jeopardy! Round responses

NATURE
CLASSICAL MUSIC
LAW & GOVERNMENT
BODIES OF WATER
NOTABLE WOMEN
ENGLISH LITERATURE
    $200 21
an acorn

Lev
    $200 1
(Johannes) Brahms

Mit
    $200 16
the Chief Justice

Patricia
    $200 11
the Pacific

Mit
    $200 26
Amelia Earhart

Patricia
    $200 6
Gulliver's Travels

Mit
    $400 22
pollination

Lev
    $400 2
(Maurice) Ravel

Lev
    $400 17
(Mit: What is 21?)

18

LevMit
    $400 12
Australia

Mit
    $400 27
(Patricia: Who is Curie?)
(Alex: Be more specific.)

Marie Curie

Patricia
    $400 7
Winnie-the-Pooh

Mit
    $600 23
the Venus flytrap

Mit
    $600 3
Vivaldi

Patricia
    $600 18
the fiscal year

Patricia
    $600 13
the Aegean

Patricia
    $600 28
Tubman

Patricia
    $600 8
Oliver Twist

Lev
    $800 24
their leg

Patricia
    $800 4
Mozart

Lev
    $800 19
an amnesty

Lev
    $800 14
Lake Michigan

Mit
    $800 29
Sacajawea

Patricia
    $600 9
George Eliot

Lev
    $1000 25
nacre (mother-of-pearl)

Patricia
    $1000 5
Chopin

Mit
    $1000 20
a line (item) veto

Lev
    $1000 15
(Patricia: What is Titicaca?)
(Mit: What is Lake Orinoco?)

Lake Maracaibo

PatriciaMit
Triple Stumper
    $3,000 30
[Applause]

Guatemala

Patricia
    $1000 10
C.S. Lewis

Mit

Scores at the end of the Double Jeopardy! Round:

Patricia Lev Mit
$10,000 $7,000 $5,700

Final Jeopardy! Round responses

TELEVISION HISTORY
(Alex: August 1, 1981, 12:01 A.M., the song was called "Video Killed the Radio Star".)
[Patricia drew her "M" in an outline style.]
MitWhat is HBO MTV?
$4,300
LevWhat is MTV?
$7,000
PatriciaWhat is MTV?
$420
MTV

Final scores:

Patricia Lev Mit
$10,420 $14,000 $10,000
2nd place: $1,000 if eliminated Automatic semifinalist 3rd place: $1,000 if eliminated

Game dynamics:

Coryat scores:

Patricia Lev Mit
$8,000 $6,900 $5,700
20 R
(including 1 DD),
1 W
16 R
(including 2 DDs),
4 W
19 R,
4 W

Combined Coryat: $20,600

[game clues] [game scores] [suggest correction]

Game tape date: 1993-01-04
The J! Archive is created by fans, for fans. Scraping, republication, monetization, and malicious use prohibited; this site may use cookies and collect identifying information. See terms. The Jeopardy! game show and all elements thereof, including but not limited to copyright and trademark thereto, are the property of Jeopardy Productions, Inc. and are protected under law. This website is not affiliated with, sponsored by, or operated by Jeopardy Productions, Inc. Join the discussion at JBoard.tv.